| 000 | 01462nam a2200445 i 4500 | ||
|---|---|---|---|
| 001 | 34251 | ||
| 003 | KOSZ 005 | ||
| 005 | 20211203113632.0 | ||
| 008 | 981010s1998 pl a f f |000 0 pol d | ||
| 020 | _a8301125179 | ||
| 040 |
_cKOSZ 005 _aKOSZ 005 _dKOSZ 005/HR |
||
| 041 | 0 | _apol | |
| 046 | _k1998 | ||
| 080 | _a621.01 | ||
| 080 | _a621.88 | ||
| 080 | _a62-8 | ||
| 080 | _a(075.8) | ||
| 245 | 0 | 0 |
_aWprowadzenie do projektowania / _cpod red. Bogdana Branowskiego ; [aut. Andrzej Auguściński et al.]. |
| 260 |
_aWarszawa : _bWydaw. Naukowe PWN, _c1998. |
||
| 300 |
_a250, [1] s. : _brys., wykr. ; _c24 cm. |
||
| 336 |
_2rdacontent _aTekst _btxt |
||
| 337 |
_2rdamedia _aBez urządzenia pośredniczącego _bn |
||
| 338 |
_2rdacarrier _aWolumin _bnc |
||
| 380 | _aKsiążki | ||
| 380 | _aPublikacje dydaktyczne | ||
| 385 |
_mPoziom nauczania _aSzkoły wyżzsze |
||
| 388 | _a1901-2000 | ||
| 388 | _a1989-2000 | ||
| 504 | _aBibliogr. przy rozdz. | ||
| 650 | 7 | _aNapęd | |
| 650 | 7 | _aPołączenia konstrukcyjne | |
| 650 | 7 | _aProjektowanie | |
| 655 | _aPodręczniki akademickie | ||
| 658 | _aInżynieria i technika | ||
| 650 | 7 | _a Konstrukcja maszyn i urządzeń | |
| 700 | 1 |
_aBranowski, Bogdan _d(1942- ) _eRedakcja |
|
| 700 | 1 |
_aAuguściński, Andrzej _eAutor |
|
| 856 |
_uhttp://koha.tu.koszalin.pl/cgi-bin/koha/opac-detail.pl?biblionumber=34251 _yKatalog online BPK |
||
| 942 |
_cKS _2UKD |
||
| 999 |
_c34251 _d34251 |
||